Grief Counseling and Grief Therapy (Record no. 11522)

MARC details
000 -LEADER
fixed length control field 00602nam a2200205 a 4500
001 - CONTROL NUMBER
control field 0001-1522
003 - CONTROL NUMBER IDENTIFIER
control field ELIB.Books
008 - FIXED-LENGTH DATA ELEMENTS--GENERAL INFORMATION
fixed length control field 170519 2010 eng
020 ## - INTERNATIONAL STANDARD BOOK NUMBER
International Standard Book Number 0826141617
092 ## - LOCALLY ASSIGNED DEWEY CALL NUMBER (OCLC)
Classification number 616.89
Item number Wor
100 ## - MAIN ENTRY--PERSONAL NAME
Personal name Worden, J. William
245 ## - TITLE STATEMENT
Title Grief Counseling and Grief Therapy
Remainder of title A Handbook for the Mental Health Practitioner
250 ## - EDITION STATEMENT
Edition statement Second Edition
260 ## - PUBLICATION, DISTRIBUTION, ETC. (IMPRINT)
Place of publication, distribution, etc. New York
Name of publisher, distributor, etc. Springer Publishing Company
Date of publication, distribution, etc. 1991
300 ## - PHYSICAL DESCRIPTION
Extent 183
Dimensions 20.6 cm
650 ## - SUBJECT ADDED ENTRY--TOPICAL TERM
Topical term or geographic name as entry element Psychotherapy Method
942 ## - ADDED ENTRY ELEMENTS (KOHA)
Source of classification or shelving scheme Dewey Decimal Classification
Koha item type Books
998 ## - LOCAL CONTROL INFORMATION (RLIN)
-- Englishbooks.elf
Cataloger's initials, CIN (RLIN) cat
-- 2017-05-19
Holdings
Withdrawn status Lost status Source of classification or shelving scheme Damaged status Not for loan Home library Current library Date acquired Total Checkouts Barcode Date last seen Bill Date Koha item type
    Dewey Decimal Classification     Karen Baptist Theological Seminary Library Karen Baptist Theological Seminary Library 19/05/2017   15143 22/01/2022 22/01/2022 Books
Implemented & Customized by: BestBookBuddies

Powered by Koha